000 00466nam a2200181Ia 4500
001 10811
005 20260306161859.0
008 260306t2003||||xx |||||||||||||| ||spa||
041 _aESP
082 _a972.02
_bB81
100 _aBrading, David
_eAUT
245 0 _aOrbe Indiano:
_bde la monarquía católica a la República criolla (1492 - 1867)
260 _c2003
300 _a776 páginas :
_c
650 _aGEN
654 _aCHU
942 _cLIB
_dJUS
_fJUS
_2ddc
_n
999 _c10811
_d10811